000 00785 a2200205 4500
005 20080826171855.0
010 _aENG-87239
020 _a8176209065
_c45000
035 _aEN-70772
037 _bDBAD / PUB
082 _a363.34
100 _aMurthy, D.B.N.
_931588
245 _aDisaster management
_cby D.B.N. Murthy
_btext and case studies
260 _aNew Delhi
_bDeep & Deep Publications
_c2007
270 _aF-159, Rajouri Garden
_bNew Delhi
_e110 027
300 _axi, 162p.
_c24cm (Hb )
500 _aIncludes bibliographical references and index
942 _adpl
_cEN
_k363.34 / MUR
_2ddc
_h363.34
_mMUR
999 _c6267
_d6267